Essays in Indian History : (Record no. 4871)

MARC details
000 -LEADER
fixed length control field 00562cam a2200205ua 4500
001 - CONTROL NUMBER
control field 5717
005 - DATE AND TIME OF LATEST TRANSACTION
control field 20260515113927.0
008 - FIXED-LENGTH DATA ELEMENTS--GENERAL INFORMATION
fixed length control field 131008n ii |||gr||||Z||||||eng
020 ## - INTERNATIONAL STANDARD BOOK NUMBER
International Standard Book Number 81-85229-62-7
040 ## - CATALOGING SOURCE
Transcribing agency MAIN
082 ## - DEWEY DECIMAL CLASSIFICATION NUMBER
Classification number 954.162
100 ## - MAIN ENTRY--PERSONAL NAME
Personal name Habib,Irfan,
Relator term Author.
245 ## - TITLE STATEMENT
Title Essays in Indian History :
Remainder of title Towards a Marxist Perception /
Statement of responsibility, etc. by Irfan Habib .
260 ## - PUBLICATION, DISTRIBUTION, ETC.
Place of publication, distribution, etc. New Delhi:
Name of publisher, distributor, etc. Tulika Books,
Date of publication, distribution, etc. 2002.
300 ## - PHYSICAL DESCRIPTION
Extent ix,367p.
653 ## - INDEX TERM--UNCONTROLLED
Uncontrolled term History
653 ## - INDEX TERM--UNCONTROLLED
Uncontrolled term Essays in Indian History
653 ## - INDEX TERM--UNCONTROLLED
Uncontrolled term Towards a Marxist Perception
942 ## - ADDED ENTRY ELEMENTS (KOHA)
Koha item type Books
Holdings
Withdrawn status Lost status Damaged status Not for loan Home library Current library Shelving location Date acquired Total checkouts Full call number Barcode Date last seen Copy number Price effective from Koha item type
        Naharkatiya College Library Naharkatiya College Library General stacks 09/19/2020   954.162 | HAB 16417 09/19/2020 1 09/19/2020 Books